Repertorio literario e histórico
Uloženo v:
| Hlavní autor: | |
|---|---|
| Médium: | Kniha |
| Jazyk: | španělština |
| Vydáno: |
Santiago
Imprenta Victoria, de H. Izquierdo y Ca., Calle de la Bandera, 21
1881
|
| Vydání: | 1a. ed |
| Témata: | |
| Tagy: |
Přidat tag
Žádné tagy, Buďte první, kdo vytvoří štítek k tomuto záznamu!
|
MARC
| LEADER | 00000nam a2200000 a 4500 | ||
|---|---|---|---|
| 001 | UCJ6644 | ||
| 003 | CL-VaPUC | ||
| 008 | 070124e18810000CL |||||||||||||||||spa|d | ||
| 082 | 0 | 4 | |a 983 |b IÑI |2 21 |
| 100 | |a Iñiguez Vicuña, Antonio |e author |9 611331 | ||
| 245 | 1 | 0 | |a Repertorio literario e histórico |
| 246 | 1 | 4 | |a Una princesa india, Doña Elvira de Talagante |
| 250 | |a 1a. ed | ||
| 300 | |a 509 p | ||
| 942 | |c BK | ||
| 945 | |d 20070124 00:00:00 |a rinostro | ||
| 260 | |a Santiago |b Imprenta Victoria, de H. Izquierdo y Ca., Calle de la Bandera, 21 |c 1881 | ||
| 500 | |a Texto orlado. Ilustraciones sin indizar. Advierte errata | ||
| 600 | 0 | |a O'higgins Riquelme, Bernardo |9 317764 | |
| 600 | 0 | |a Portales y Palazuelos, Diego |9 436961 | |
| 600 | 0 | |a Prat Chacón, Arturo |9 310393 | |
| 650 | 0 | |a Poesías |9 267890 | |
| 650 | 0 | |a Homenajes |9 258192 | |
| 650 | 7 | |a LEYENDAS |2 CL-VaPUC |9 265258 | |
| 650 | 7 | |a NECROLOGIA |2 CL-VaPUC |9 504408 | |
| 650 | 0 | |a Guerra del Pacífico |9 314886 | |
| 650 | 0 | |a Crítica literaria |9 269189 | |
| 650 | 0 | |a Imperio Romano |9 322785 | |
| 650 | 0 | |a Fiestas religiosas |9 349319 | |
| 583 | |a last modification |c 20160105 11:02:47 |k Rodrigo Vera | ||
| 999 | |c 322746 |d 322744 | ||
| 952 | |0 0 |1 0 |4 0 |6 983_000000000000000_IÑI_1881 |7 0 |8 X |9 401815 |a FDOBUD |b FDOBUD |d 2019-11-22 |i 104608K |o 983 IÑI 1881 |p 104608K |r 2019-11-22 |w 2019-11-22 |y BK_X |k BUD | ||